|
|
|
|
| LEADER |
03947nam a22004575i 4500 |
| 001 |
978-3-540-28977-7 |
| 003 |
DE-He213 |
| 005 |
20151204165640.0 |
| 007 |
cr nn 008mamaa |
| 008 |
100301s2006 gw | s |||| 0|eng d |
| 020 |
|
|
|a 9783540289777
|9 978-3-540-28977-7
|
| 024 |
7 |
|
|a 10.1007/3-540-28977-1
|2 doi
|
| 040 |
|
|
|d GrThAP
|
| 050 |
|
4 |
|a RC841-858.P35
|
| 072 |
|
7 |
|a MJJ
|2 bicssc
|
| 072 |
|
7 |
|a MED031000
|2 bisacsh
|
| 082 |
0 |
4 |
|a 616.36
|2 23
|
| 100 |
1 |
|
|a Kuntz, Erwin.
|e author.
|
| 245 |
1 |
0 |
|a Hepatology Principles and Practice
|h [electronic resource] :
|b History · Morphology Biochemistry · Diagnostics Clinic · Therapy /
|c by Erwin Kuntz.
|
| 264 |
|
1 |
|a Berlin, Heidelberg :
|b Springer Berlin Heidelberg,
|c 2006.
|
| 300 |
|
|
|a XIII, 906 p. 477 illus. in color.
|b online resource.
|
| 336 |
|
|
|a text
|b txt
|2 rdacontent
|
| 337 |
|
|
|a computer
|b c
|2 rdamedia
|
| 338 |
|
|
|a online resource
|b cr
|2 rdacarrier
|
| 347 |
|
|
|a text file
|b PDF
|2 rda
|
| 505 |
0 |
|
|a History of Hepatology -- Morphology of the Liver -- Biochemistry and Functions of the Liver -- Clinical findings -- Laboratory diagnostics -- Sonography -- Liver biopsy and laparoscopy -- Radiological diagnostics -- Scintigraphic diagnostics -- Neurological and psychological diagnostics -- Hepatomegaly and splenomegaly -- Jaundice -- Cholestasis -- Portal hypertension -- Hepatic encephalopathy -- Oedema and ascites -- Hepatorenal syndrome -- Hepatopulmonary syndrome -- Coagulopathy and haemorrhage -- Acute and chronic liver insufficiency -- Clinical and morphological principles -- Acute viral hepatitis -- Acute concomitant viral hepatitis -- Bacterial infections and the liver -- Parasitic infections and the liver -- Mycotic infections and the liver -- Liver abscess -- Alcohol-induced liver damage -- Drug-induced liver damage -- Liver damage due to toxic substances -- Metabolic disorders and storage diseases -- Cholangitis and cholangiodysplasia -- Autoimmune hepatitis -- Chronic hepatitis -- Liver cirrhosis -- Benign hepatic lesions and tumours -- Malignant liver tumours -- Systemic diseases and the liver -- Cardiovascular diseases and the liver -- Treatment of liver diseases.
|
| 520 |
|
|
|a Hepatology -- a systematic overview The 1st edition was sold out within one year and a reprint became necessary. The 2nd edition has been updated, revised and extended to include some 900 pages. Unique - 477 top-quality coloured figures containing clinical and immunological findings, laparoscopic and and histologic features as well as imaging procedures - all figures directly integrated in the respective text; this results in a new form of learning from "seeing" to "understanding" Attractive - 306 tables in colour - coloured highlighting of important principles and statements for better reading - well-structured and systematic approaches support the content - derived from clinical hepatology for practical use by specialists and in hospital Instructive - detailed presentation of morphology and its integration in liver disease - precise recommendations for therapy and summarized descriptions of special forms of treatment (inlcuding a separate chapter on "Therapy" Manual - about 7,000 references are listed in full; quotations of significant historical publications - first authors of therapy procedures, methods, medical techniques and invasive measures are given as far as possible - comprehensive subject index and register of abbreviations.
|
| 650 |
|
0 |
|a Medicine.
|
| 650 |
|
0 |
|a Internal medicine.
|
| 650 |
|
0 |
|a Gastroenterology.
|
| 650 |
|
0 |
|a Hepatology.
|
| 650 |
1 |
4 |
|a Medicine & Public Health.
|
| 650 |
2 |
4 |
|a Hepatology.
|
| 650 |
2 |
4 |
|a Gastroenterology.
|
| 650 |
2 |
4 |
|a Internal Medicine.
|
| 710 |
2 |
|
|a SpringerLink (Online service)
|
| 773 |
0 |
|
|t Springer eBooks
|
| 776 |
0 |
8 |
|i Printed edition:
|z 9783540289760
|
| 856 |
4 |
0 |
|u http://dx.doi.org/10.1007/3-540-28977-1
|z Full Text via HEAL-Link
|
| 912 |
|
|
|a ZDB-2-SME
|
| 950 |
|
|
|a Medicine (Springer-11650)
|